<?xml version="1.0" encoding="UTF-8"?>
<record
    xmlns:xsi="http://www.w3.org/2001/XMLSchema-instance"
    xsi:schemaLocation="http://www.loc.gov/MARC21/slim http://www.loc.gov/standards/marcxml/schema/MARC21slim.xsd"
    xmlns="http://www.loc.gov/MARC21/slim">

  <leader>00997nam a22002777a 4500</leader>
  <controlfield tag="003">BPGM</controlfield>
  <controlfield tag="008">260630s20111991mx ||||g|||||o001 p spa d</controlfield>
  <datafield tag="020" ind1=" " ind2=" ">
    <subfield code="a">ISBN 978-607-7619-23-9</subfield>
  </datafield>
  <datafield tag="040" ind1=" " ind2=" ">
    <subfield code="b">spa</subfield>
  </datafield>
  <datafield tag="041" ind1=" " ind2=" ">
    <subfield code="a">SPA</subfield>
    <subfield code="h">SPA</subfield>
  </datafield>
  <datafield tag="082" ind1="0" ind2="4">
    <subfield code="a">861M</subfield>
    <subfield code="b">R4514</subfield>
  </datafield>
  <datafield tag="100" ind1=" " ind2=" ">
    <subfield code="a">BALTASAR RES&#xC8;NDIZ ESP&#xCC;NOLA</subfield>
  </datafield>
  <datafield tag="240" ind1=" " ind2=" ">
    <subfield code="a">BALTASAR RES&#xC8;NDIZ ESP&#xCC;NOLA H&#xC8;BEL </subfield>
  </datafield>
  <datafield tag="242" ind1=" " ind2=" ">
    <subfield code="a">BALTASAR RES&#xC8;NDIZ ESP&#xCC;NOLA H&#xC8;BEL</subfield>
    <subfield code="b">LETRAS</subfield>
  </datafield>
  <datafield tag="245" ind1=" " ind2=" ">
    <subfield code="a">BALTASAR RESENDIZ ESPINOLA H&#xC8;BEL</subfield>
    <subfield code="b">LETRAS</subfield>
  </datafield>
  <datafield tag="260" ind1=" " ind2=" ">
    <subfield code="a">El Gobierno del Estado de Quer&#xE9;taro</subfield>
    <subfield code="b">El Comit&#xE9; Editorial del Gobierno del Estado de Quer&#xE9;taro</subfield>
    <subfield code="c">MAYO DEL 2011</subfield>
  </datafield>
  <datafield tag="300" ind1=" " ind2=" ">
    <subfield code="a">81 PAGINAS</subfield>
    <subfield code="c">16cmX 10,7 cm</subfield>
  </datafield>
  <datafield tag="336" ind1=" " ind2=" ">
    <subfield code="2">rdacontent</subfield>
    <subfield code="a">texto</subfield>
    <subfield code="b">txt</subfield>
  </datafield>
  <datafield tag="337" ind1=" " ind2=" ">
    <subfield code="2">rdamedia</subfield>
    <subfield code="a">sin mediaci&#xF3;n</subfield>
    <subfield code="b">n</subfield>
  </datafield>
  <datafield tag="338" ind1=" " ind2=" ">
    <subfield code="2">rdacarrier</subfield>
    <subfield code="a">volumen </subfield>
    <subfield code="b">nc</subfield>
  </datafield>
  <datafield tag="600" ind1=" " ind2=" ">
    <subfield code="a">BALTASAR RES&#xC8;NDIZ ESP&#xCC;NOLA H&#xC8;BEL</subfield>
  </datafield>
  <datafield tag="650" ind1=" " ind2=" ">
    <subfield code="a">POESIA ESPA&#xD1;OLA</subfield>
    <subfield code="v">LITERATURA RETORICA </subfield>
    <subfield code="x">GENERALIDADES</subfield>
  </datafield>
  <datafield tag="700" ind1=" " ind2=" ">
    <subfield code="a">BALTASAR RES&#xC8;NDIZ ESP&#xCC;NOLA H&#xC8;BEL </subfield>
  </datafield>
  <datafield tag="941" ind1=" " ind2=" ">
    <subfield code="a">BALTASAR RESENDIZ ESPINOLA HEBEL</subfield>
  </datafield>
  <datafield tag="942" ind1=" " ind2=" ">
    <subfield code="2">ddc</subfield>
    <subfield code="c">COLQ</subfield>
  </datafield>
  <datafield tag="952" ind1=" " ind2=" ">
    <subfield code="0">0</subfield>
    <subfield code="1">0</subfield>
    <subfield code="2">ddc</subfield>
    <subfield code="4">0</subfield>
    <subfield code="7">0</subfield>
    <subfield code="a">BPCEFC</subfield>
    <subfield code="b">BPCEFC</subfield>
    <subfield code="d">2026-06-30</subfield>
    <subfield code="e">DONACION </subfield>
    <subfield code="l">0</subfield>
    <subfield code="o">861M R4514</subfield>
    <subfield code="r">2026-06-30 18:38:44</subfield>
    <subfield code="w">2026-06-30</subfield>
    <subfield code="y">COLQ</subfield>
  </datafield>
  <datafield tag="952" ind1=" " ind2=" ">
    <subfield code="0">0</subfield>
    <subfield code="1">0</subfield>
    <subfield code="2">ddc</subfield>
    <subfield code="4">0</subfield>
    <subfield code="7">0</subfield>
    <subfield code="a">BPCEFC</subfield>
    <subfield code="b">BPCEFC</subfield>
    <subfield code="d">2026-06-30</subfield>
    <subfield code="e">DONACION </subfield>
    <subfield code="l">0</subfield>
    <subfield code="o">861M R4514</subfield>
    <subfield code="r">2026-06-30 18:39:04</subfield>
    <subfield code="t">EJ.2</subfield>
    <subfield code="w">2026-06-30</subfield>
    <subfield code="y">COLQ</subfield>
  </datafield>
  <datafield tag="952" ind1=" " ind2=" ">
    <subfield code="0">0</subfield>
    <subfield code="1">0</subfield>
    <subfield code="2">ddc</subfield>
    <subfield code="4">0</subfield>
    <subfield code="7">0</subfield>
    <subfield code="a">BPCEFC</subfield>
    <subfield code="b">BPCEFC</subfield>
    <subfield code="d">2026-06-30</subfield>
    <subfield code="e">DONACION </subfield>
    <subfield code="l">0</subfield>
    <subfield code="o">861M R4514</subfield>
    <subfield code="r">2026-06-30 18:39:25</subfield>
    <subfield code="t">EJ.3</subfield>
    <subfield code="w">2026-06-30</subfield>
    <subfield code="y">COLQ</subfield>
  </datafield>
  <datafield tag="999" ind1=" " ind2=" ">
    <subfield code="c">68715</subfield>
    <subfield code="d">68715</subfield>
  </datafield>
</record>
